<?xml version="1.0" encoding="UTF-8"?><collection xmlns="info:lc/xmlns/marcxchange-v2"><record format="Unimarc" type="bibliographic"><leader>00740cam  2200241   450 </leader><controlfield tag="001">1052395</controlfield><controlfield tag="003">http://id.bnportugal.gov.pt/bib/porbase/1052395</controlfield><controlfield tag="005">20010629141200.0</controlfield><datafield ind1=" " ind2=" " tag="010"><subfield code="a">84-600-2220-X</subfield></datafield><datafield ind1=" " ind2=" " tag="021"><subfield code="a">ES</subfield><subfield code="b">VA. 192-1981</subfield></datafield><datafield ind1=" " ind2=" " tag="035"><subfield code="a">(bn)1052395</subfield></datafield><datafield ind1=" " ind2=" " tag="100"><subfield code="a">20010406d1981    m  y0pory0103    ba</subfield></datafield><datafield ind1="0" ind2=" " tag="101"><subfield code="a">spa</subfield></datafield><datafield ind1=" " ind2=" " tag="102"><subfield code="a">ES</subfield></datafield><datafield ind1=" " ind2=" " tag="105"><subfield code="a">y   z   000yy</subfield></datafield><datafield ind1=" " ind2=" " tag="106"><subfield code="a">r</subfield></datafield><datafield ind1="1" ind2=" " tag="200"><subfield code="a">?El ?comercio exterior de Castilla a traves de las aduanas de Felipe II</subfield><subfield code="f">Henri Lapeyre</subfield></datafield><datafield ind1=" " ind2="9" tag="210"><subfield code="a">Valladolid</subfield><subfield code="c">Universidad</subfield><subfield code="d">1981</subfield></datafield><datafield ind1=" " ind2=" " tag="215"><subfield code="a">403 p.</subfield><subfield code="c">il.</subfield><subfield code="d">22 cm</subfield></datafield><datafield ind1=" " ind2=" " tag="675"><subfield code="a">339.5(460)"15"</subfield><subfield code="v">BN</subfield><subfield code="z">por</subfield><subfield code="3">988612</subfield></datafield><datafield ind1=" " ind2=" " tag="675"><subfield code="a">94(460)"15"</subfield><subfield code="v">BN</subfield><subfield code="z">por</subfield><subfield code="3">297064</subfield></datafield><datafield ind1=" " ind2="1" tag="700"><subfield code="a">Lapeyre</subfield><subfield code="b">Henri</subfield><subfield code="3">365174</subfield></datafield><datafield ind1=" " ind2="0" tag="801"><subfield code="a">PT</subfield><subfield code="b">BN</subfield><subfield code="g">RPC</subfield></datafield><datafield ind1=" " ind2=" " tag="966"><subfield code="l">BN</subfield><subfield code="m">FGMON</subfield><subfield code="p">Biblioteca Cordeiro Pereira</subfield><subfield code="s">S.C. 88579 V.</subfield><subfield code="x">3</subfield></datafield></record></collection>